| 000 | 00905nam a2200349Ia 4500 | ||
|---|---|---|---|
| 005 | 20260514124407.0 | ||
| 008 | 008 261405s9999 xx 000 0 eng d | ||
| 037 | _aThesis | ||
| 040 | _aCRL | ||
| 040 | _beng | ||
| 040 | _cCRL | ||
| 041 | _2eng | ||
| 041 | _aeng | ||
| 084 | _qCRL | ||
| 100 |
_aChoudhary Dr.Priyanshu _91239798 |
||
| 245 | 0 | _aStudy of Depressin and its Correlation with Pain and Disease Activity Among Patients Suffering from Rheumatoid Arthritis. | |
| 260 | _aDelhi | ||
| 260 | _bUniversity of Delhi | ||
| 260 | _c2015 | ||
| 300 | _a66p. | ||
| 502 | _bPh.D. | ||
| 502 | _cUniversity of Delhi | ||
| 502 | _d2015 | ||
| 541 | _oThesis | ||
| 650 | _aMedicine | ||
| 700 |
_aDr.Dinesh Kataria _91239799 |
||
| 700 |
_aDr.Ghan Shyam Pangtey _91239800 |
||
| 700 |
_aDr.S.K.Sharma, _91239801 |
||
| 710 | _aMedicine | ||
| 942 | _cTH | ||
| 999 |
_c1851803 _d1851803 |
||